[Event "Universitarios Oriente zt (Women) 28th"]
[Site "Bogota"]
[Date "2019.04.06"]
[Round "1.8"]
[White "Hower Roa, Katerin Juliet"]
[Black "Martinez Toloza, Angela Stephania"]
[Result "0-1"]
[WhiteElo "1434"]
[BlackElo "1621"]
[PlyCount "73"]
[EventDate "2019.04.06"]
[EventType "swiss"]
[EventRounds "6"]
[EventCountry "COL"]
[SourceTitle "EXT 2024"]
[Source "ChessBase"]
[SourceDate "2023.10.10"]
[SourceVersion "1"]
[SourceVersionDate "2023.10.10"]
[SourceQuality "1"]

1. e4 e5 2. Nf3 Nc6 3. Nc3 Nf6 4. Bb5 a6 5. Bxc6 dxc6 6. 0-0 Bd6 7. d4 Qe7 8. Bg5 Bg4 9. dxe5 Bxe5 10. Re1 h6 11. Bxf6 Qxf6 12. h3 Bxf3 13. Qxf3 Qxf3 14. gxf3 0-0 15. Rab1 Rad8 16. Ne2 Rd6 17. f4 Rg6+ 18. Kf1 Bd6 19. e5 Bc5 20. f5 Rg5 21. Ng3 g6 22. f6 b6 23. Ne4 Rxe5 24. Nxc5 Rxc5 25. c3 Rf5 26. Re7 Rc8 27. Rbe1 Kf8 28. Kg2 Rxf6 29. Kg3 Rd6 30. a4 Rd2 31. b4 Rd3+ 32. R1e3 Rd5 33. R3e5 Rcd8 34. c4 Rxe5 35. Rxe5 Rd4 36. c5 Rxb4 37. a5 0-1

[Event "Santander op"]
[Site "Santander"]
[Date "2011.12.20"]
[Round "6"]
[White "Martinez Toloza, Angela Stephania"]
[Black "Ramirez Reyes, Jaime Orlando"]
[Result "0-1"]
[WhiteElo "1600"]
[BlackElo "1525"]
[PlyCount "59"]
[EventDate "2011.12.17"]
[EventType "swiss"]
[EventRounds "9"]
[EventCountry "COL"]
[SourceTitle "CBM 146 Extra"]
[Source "ChessBase"]
[SourceDate "2012.02.29"]
[SourceVersion "1"]
[SourceVersionDate "2012.02.29"]
[SourceQuality "1"]

1. e4 Nf6 2. Nc3 d6 3. d4 c6 4. Bg5 Nbd7 5. d5 h6 6. Bxf6 Nxf6 7. Nf3 e6 8. dxe6 Bxe6 9. e5 dxe5 10. Qxd8+ Rxd8 11. Nxe5 Bc5 12. Be2 0-0 13. 0-0 Rfe8 14. Rad1 Bd4 15. Nf3 Bxc3 16. bxc3 a6 17. a3 Nd5 18. c4 Nc3 19. Rxd8 Rxd8 20. Re1 Nxe2+ 21. Rxe2 Rd1+ 22. Re1 Rxe1+ 23. Nxe1 Bxc4 24. f4 Be2 25. g4 Kh7 26. Ng2 Bd1 27. Ne3 Bf3 28. Kf2 Be4 29. Ke2 f6 30. c4 0-1

[Event "Santander op"]
[Site "Santander"]
[Date "2011.12.18"]
[Round "3"]
[White "Contreras Acevedo, Andrea Julia"]
[Black "Martinez Toloza, Angela Stephania"]
[Result "0-1"]
[WhiteElo "1611"]
[BlackElo "1600"]
[PlyCount "84"]
[EventDate "2011.12.17"]
[EventType "swiss"]
[EventRounds "9"]
[EventCountry "COL"]
[SourceTitle "CBM 146 Extra"]
[Source "ChessBase"]
[SourceDate "2012.02.29"]
[SourceVersion "1"]
[SourceVersionDate "2012.02.29"]
[SourceQuality "1"]

1. e4 e5 2. Nf3 Nc6 3. Bb5 d6 4. 0-0 Nf6 5. Re1 d5 6. d3 a6 7. Ba4 b5 8. Bb3 Bg4 9. Bg5 dxe4 10. Bxf6 Qxf6 11. dxe4 Bxf3 12. Qxf3 Qxf3 13. gxf3 Nd4 14. Nd2 Bb4 15. c3 Nxb3 16. Nxb3 Be7 17. Rad1 0-0 18. Rd5 Bd6 19. Na5 Rab8 20. Nc6 Rb6 21. Nxe5 Bxe5 22. Rxe5 Rg6+ 23. Kh1 f6 24. Rd5 Re8 25. e5 fxe5 26. Rdxe5 Rxe5 27. Rxe5 Rf6 28. Kg2 Kf7 29. b3 Rg6+ 30. Kh1 Kf6 31. Re4 c5 32. Re8 Kf5 33. Re7 c4 34. Rf7+ Ke6 35. Rf8 h6 36. Rb8 Rf6 37. Kg2 g5 38. Rb6+ Ke7 39. Rxf6 Kxf6 40. Kg3 b4 41. f4 bxc3 42. fxg5+ hxg5 0-1

[Event "Santander op"]
[Site "Santander"]
[Date "2011.12.18"]
[Round "2"]
[White "Martinez Toloza, Angela Stephania"]
[Black "Quintero Rueda, Elizabeth"]
[Result "0-1"]
[WhiteElo "1600"]
[BlackElo "1492"]
[PlyCount "76"]
[EventDate "2011.12.17"]
[EventType "swiss"]
[EventRounds "9"]
[EventCountry "COL"]
[SourceTitle "CBM 146 Extra"]
[Source "ChessBase"]
[SourceDate "2012.02.29"]
[SourceVersion "1"]
[SourceVersionDate "2012.02.29"]
[SourceQuality "1"]

1. e4 e5 2. Nf3 Nc6 3. d4 exd4 4. Nxd4 Nf6 5. Nxc6 bxc6 6. Bd3 d5 7. e5 Ng4 8. 0-0 Bc5 9. Qf3 Nxe5 10. Qe2 Qe7 11. Bf4 Bd6 12. Nd2 0-0 13. Nf3 Bg4 14. Bxe5 Bxf3 15. Qxf3 Qxe5 16. Qh3 h6 17. Rab1 Rfe8 18. g3 Re6 19. c3 Bc5 20. b4 Qxc3 21. bxc5 Qxd3 22. Rbd1 Qf3 23. Rde1 Rae8 24. Rxe6 Rxe6 25. Qg2 Qxg2+ 26. Kxg2 Re2 27. Ra1 d4 28. a3 d3 29. a4 d2 30. a5 Re1 31. Rxe1 dxe1Q 32. a6 Kh7 33. h4 h5 34. Kf3 Kg6 35. g4 Qd1+ 36. Ke3 hxg4 37. f4 Qf3+ 38. Kd4 Qd5+ 0-1